Normal view
MARC view
- Advisor DR. MUHAMMAD ABBAS
Entry Personal Name
001 - CONTROL NUMBER
- control field: 69821
003 - CONTROL NUMBER IDENTIFIER
- control field: NUST
005 - DATE AND TIME OF LATEST TRANSACTION
- control field: 20210628204313.0
008 - FIXED-LENGTH DATA ELEMENTS
- fixed length control field: 210628|| aca||aabn | a|a d
040 ## - CATALOGING SOURCE
- Original cataloging agency: NUST
- Transcribing agency: NUST
100 ## - HEADING--PERSONAL NAME
- Personal name: Advisor DR. MUHAMMAD ABBAS
670 ## - SOURCE DATA FOUND
- Source citation: Work cat.: (NUST): FATEH-UR-REHMAN 69820, TH-SOF-1596-APPLICATION OF DATA DUPLICATE DETECTION AND, 2018
